Finding the Keys II Quiz Stats

Quiz Updated Jan 4, 2013

Also try: Finding the Keys
Challenge
Share
Tweet
Embed
Score 0/64 Timer 20:00
1 Play Today
% Correct
+ Y = Monday
99.5%
+ U = Tuesday
98.8%
+ D = Sunday
98.6%
+ Y = Saturday
98.5%
+ Y = Wednesday
98%
+ F = Friday
97.8%
Theme 4/European Countries
83.6%
+ I = Scorpio
77.7%
+ G = Gemini
77.2%
+ S = Pisces
75.9%
+ U = Taurus
74.5%
+ A = Sagittarius
73.4%
+ B = Libra
73.3%
+ H = hundred
66.6%
Theme 5/US State Capitals
65.8%
+ H = thousand
63%
+ V = seventy
61.4%
+ E = eighteen
60.5%
+ Y = Germany
57.2%
+ T = thirteen
55.1%
+ K = Denmark
52.9%
+ A = Serbia
47.4%
+ E = ninety
43.6%
Theme 6/Human Bones
42.9%
+ A = Macedonia
42%
+ O = Slovenia
41.5%
+ D = Ireland
40.8%
+ L = Olympia
40.2%
Theme 7/Stephen King Novels
35.7%
+ I = Madison
32%
+ B = Boston
31%
+ N = Lansing
30.5%
% Correct
+ N = Annapolis
27.8%
+ U = humerus
26.7%
+ R = radius
24.6%
Theme 8/NHL Teams
22.8%
+ C = Charleston
22.6%
+ M = sternum
22.2%
+ L = Patella
21.7%
+ R = Carrie
21.7%
+ P = scapula
18.9%
+ B = mandible
17.9%
+ Y = Misery
16.9%
+ C = Canucks
16.3%
+ P = Penguins
16.1%
Theme 9/Old Testament books
15.7%
+ S = Senators
13.8%
+ I = Christine
13.7%
+ D = Islanders
13.2%
+ B = Numbers
13%
+ U = Leviticus
12.3%
+ R = Hurricanes
12.3%
+ P = Predators
12.3%
+ N = Thinner
11.8%
+ E = Daniel
11.2%
Next, for passkeys 4, 5 and 6 take the 2nd letter of passkey
11%
+ I = Insomnia
10.3%
+ E = Desperation
9.7%
+ A = Malachi
9.6%
+ C = Chronicles
9.4%
+ L = Lamentations
8.6%
For passkeys 1, 2 and 3 take the final letter of passkey
8.3%
Then for passkeys 7, 8, and 9 take the 4th letter of passkey
8.1%
Congrats, solver!
5.2%

You're not logged in!

Compare scores with friends on all Sporcle quizzes.
Join for Free
OR
Log In

You Might Also Like...

Show Comments

Extras

Top Quizzes Today


Score Distribution

Your Account Isn't Verified!

In order to create a playlist on Sporcle, you need to verify the email address you used during registration. Go to your Sporcle Settings to finish the process.

Report this User

Report this user for behavior that violates our Community Guidelines.

Details: